Compagnies Aériennes - Statistiques

Statistiques générales
  • Ce quiz a été pris 173 fois
    172 depuis la dernière actualisation
  • Le résultat moyen est 10 sur 16
Statistiques - réponses
Par images Réponse % Correct
KLM
97%
Air France
93%
Emirates
87%
Lufthansa
86%
Delta Airlines
77%
Air Canada
75%
Qatar Airways
75%
British Airways
70%
Iberia
62%
Qantas
62%
Thai Airways
59%
Royal Air Maroc
54%
Japan Airlines
52%
Malaysia Airlines
34%
Air Senegal
32%
LATAM Airlines
30%
Aucun quiz correspondant
Distribution des résultats
% des personnes avec chaque résultat
Percentile par nombre de réponses
Votre historique - résultats
Vous n’avez pas pris ce quiz depuis la dernière actualisation